000 00458nam a2200157 4500
001 110932
003 ES-MaACL
007 t|
008 061121s1929 sp r ||||1| spa d
100 1 _aO'Flaherty, Liam.
_986326
245 1 3 _aEl delator
_b: novela /
_cLiam O'Flaherty; traducción del inglés Manuel Pumariega.
260 _aMadrid :
_bArgis,
_c1929.
300 _a277 p. ;
_c20 cm.
700 1 _aPumariega, Manuel.
_994399
852 _aES-MaACL
_jB-3330
999 _c110932
_d110932